| 000 | 00511nam a22001697a 4500 | ||
|---|---|---|---|
| 003 | 0 | ||
| 005 | 20230620105613.0 | ||
| 008 | 230620b xxu||||| |||| 00| 0 eng d | ||
| 020 | _a978-971-9900-31-3 | ||
| 082 |
_aFil. 612.17 _b.Gu85 2011 |
||
| 245 |
_aOur hearts = Ang ating mga puso _cGuillain, Charlotte |
||
| 260 |
_aQuezon City _bC&E Publishing, Inc. _cc2011 |
||
| 300 |
_a26pp. _bcol. ill. _c19cm. |
||
| 500 | _aHeart-Juvenile literature. | ||
| 504 | _aIncludes glossary and index. | ||
| 942 |
_2ddc _cBK |
||
| 999 |
_c365048 _d365048 |
||